00827nas a2200229Ia 4500001002700000003001000027008004100037040002500078041001300103100002200116210004300138222004300181245009700224250001100321260000900332501012300341300001600464362002300480500006000503650002300563700001100586A50/R027-3300 [r000000413]IT-MiCISF161014c99999999xx |||||||||||| ||und|| aIT-MiCISFcIT-MiCISF aITALIANO aRonzani Pierluigi aIl diritto di famiglia e delle persone aIl diritto di famiglia e delle persone 0aIn tema di trascrizione di matrimonio canonico contratto da persona minore dei diciotto anni a1a ed. c1981 bCISF - Centro Internazionale Studi Famiglia - Via Giotto, 36 20145 MILANO (non commercial uses only)cCopyright 2016 app. 255-288 a1, gen-mar. [1981] a Tema: matrimonio, famiglia-prematura, diritto-canonico amatrimoniovstudio aAA.VV.